| 000 | 00851nam a22002417a 4500 | ||
|---|---|---|---|
| 999 |
_c21659 _d21659 |
||
| 003 | AR-CdUCM | ||
| 008 | 190319b ||||| |||| 00| 0 spa d | ||
| 020 | _a9786124041839 | ||
| 040 |
_aMUNICIPALIDAD PROVINCIAL DEL CUSCO _cBIBLIOTECA MUNICIPAL DEL CUSCO |
||
| 082 |
_a510.76/G49 _bG49 |
||
| 100 |
_aGirón Suazo, Marie Cosette _945703 |
||
| 245 |
_aAplicaciones de matemática y cálculo a situaciones reales / _cMarie Cosette Girón Suazo |
||
| 260 |
_aLima ; _bUniversidad Peruana de Ciencias Aplicadas, _c2012. |
||
| 300 |
_a221 Páginas. : _bilustraciones ; _c24 cm. |
||
| 500 | _zBibliografía: p. 217-221 | ||
| 650 |
_aMatemáticas _99398 |
||
| 650 |
_aCálculo _945704 |
||
| 650 |
_aProblemas _99246 |
||
| 650 |
_aEjercicios _919599 |
||
| 710 |
_aUniversidad Peruana de Ciencias Aplicadas _945331 |
||
| 942 |
_2ddc _cLIBROS |
||
| 945 | _aRoel | ||